Statistics for Utah Jazz Best Team By Decade

Click here to take the quiz!

General Stats

  • This quiz has been taken 59 times
  • The average score is 12 of 25

Answer Stats

SeasonPlayer% Correct
1987-88, 1996-97John Stockton
98%
1987-88, 1996-97Karl Malone
98%
2020-21Donovan Mitchell
94%
2020-21Rudy Gobert
94%
2020-21Mike Conley
79%
2006-07, 2009-10Deron Williams
77%
1987-88Mark Eaton
77%
1996-97Jeff Hornacek
75%
2006-07Andrei Kirilenko
73%
2006-07, 2009-10Carlos Boozer
65%
1977-78Pete Maravich
65%
1996-97Bryon Russell
58%
2020-21Bojan Bogdanović
56%
1996-97Greg Ostertag
54%
2006-07, 2009-10Mehmet Okur
40%
2020-21Royce O'Neale
38%
1977-78Truck Robinson
31%
2006-07Derek Fisher
8%
1977-78Gail Goodrich
6%
2009-10Ronnie Brewer
6%
2009-10Wesley Matthews
4%
1977-78Aaron James
2%
1987-88Bob Hansen
2%
1987-88Marc Iavaroni
2%
1977-78Rich Kelley
2%

Score Distribution

Percentile by Number Answered

Percent of People with Each Score

Your Score History

You have not taken this quiz